Огнеупорные барьерные материалы для алюминиевых электролизеров на основе обогащенного кампановского каолина; Новые огнеупоры; № 11

Dades bibliogràfiques
Parent link:Новые огнеупоры: научно-технический и производственный журнал.— , 2008-
№ 11.— 2006.— С. 36-40
Altres autors: Вакалова Т. В. Татьяна Викторовна, Верещагин В. И. Владимир Иванович, Егорова Е. Ю., Решетова А. А., Камнев С. В., Дикарев Д. А., Романенко Н. Г.
Sumari:Приводятся результаты разработки составов и технологии барьерных материалов на основе продуктов обогащения каолинов Кампановского месторождения для катодной футеровки алюминиевых электролизеров. Получены высокоплотные сухие барьерные смеси с различным отношением Al2O3:SiO2 (от 0,42 до 0,76), позволяющим использовать их в двухслойной футеровке алюминиевых электролизеров (в высокоглиноземистом и кремнеземистом слоях). Смеси по составу и свойствам отвечают известным зарубежным аналогам.
В фонде НТБ ТПУ отсутствует
Idioma:rus
Publicat: 2006
Matèries:
Format: MixedMaterials Capítol de llibre
KOHA link:https://koha.lib.tpu.ru/cgi-bin/koha/opac-detail.pl?biblionumber=597531

MARC

LEADER 00000naa0a2200000 4500
001 597531
005 20250206155744.0
035 |a (RuTPU)RU\TPU\tpu\20837 
035 |a RU\TPU\tpu\20836 
090 |a 597531 
100 |a 20120306d2006 k||y0rusy50 ca 
101 0 |a rus 
102 |a RU 
200 1 |a Огнеупорные барьерные материалы для алюминиевых электролизеров на основе обогащенного кампановского каолина  |f Т. В. Вакалова [и др.] 
320 |a Библиогр.: 3 назв. 
330 |a Приводятся результаты разработки составов и технологии барьерных материалов на основе продуктов обогащения каолинов Кампановского месторождения для катодной футеровки алюминиевых электролизеров. Получены высокоплотные сухие барьерные смеси с различным отношением Al2O3:SiO2 (от 0,42 до 0,76), позволяющим использовать их в двухслойной футеровке алюминиевых электролизеров (в высокоглиноземистом и кремнеземистом слоях). Смеси по составу и свойствам отвечают известным зарубежным аналогам. 
333 |a В фонде НТБ ТПУ отсутствует 
461 |t Новые огнеупоры  |o научно-технический и производственный журнал  |d 2008- 
463 |t № 11  |v С. 36-40  |d 2006 
610 1 |a труды учёных ТПУ 
701 1 |a Вакалова  |b Т. В.  |c химик-технолог  |c профессор Томского политехнического университета, доктор технических наук  |f 1956-  |g Татьяна Викторовна  |3 (RuTPU)RU\TPU\pers\26197  |4 070  |9 12005 
701 1 |a Верещагин  |b В. И.  |c химик-технолог  |c профессор Томского политехнического университета, доктор технических наук  |f 1942-  |g Владимир Иванович  |3 (RuTPU)RU\TPU\pers\19774  |4 070  |9 7712 
701 1 |a Егорова  |b Е. Ю. 
701 1 |a Решетова  |b А. А. 
701 1 |a Камнев  |b С. В. 
701 1 |a Дикарев  |b Д. А. 
701 1 |a Романенко  |b Н. Г. 
801 1 |a RU  |b 63413507  |c 20120306 
801 2 |a RU  |b 63413507  |c 20120306  |g RCR 
942 |c CR